A Study on the Analysis of Price Movement of Share and Company Performance with Respect of Information Technology and Automobile Industries (Record no. 359277)

MARC details
000 -LEADER
fixed length control field 00492nam a22001457a 4500
005 - DATE AND TIME OF LATEST TRANSACTION
control field 20240807131642.0
008 - FIXED-LENGTH DATA ELEMENTS--GENERAL INFORMATION
fixed length control field 240807b |||||||| |||| 00| 0 eng d
041 ## - LANGUAGE CODE
Language code of text/sound track or separate title eng
082 ## - DEWEY DECIMAL CLASSIFICATION NUMBER
Item number BRA
100 ## - MAIN ENTRY--PERSONAL NAME
Author Bramhane Minal-2K201068 & Dr. Prashant Mamarde-Guide
245 ## - TITLE STATEMENT
Title A Study on the Analysis of Price Movement of Share and Company Performance with Respect of Information Technology and Automobile Industries
260 ## - PUBLICATION, DISTRIBUTION, ETC.
Place of publication, distribution, etc. Pune
Name of publisher, distributor, etc. SPPU
Date of publication, distribution, etc. March-2022
300 ## - PHYSICAL DESCRIPTION
Extent 50p
942 ## - ADDED ENTRY ELEMENTS (KOHA)
Koha item type Project Reports
Holdings
Withdrawn status Lost status Source of classification or shelving scheme Damaged status Not for loan Home library Current library Date acquired Vendor Total Checkouts Full call number Barcode Date last seen Bill Date Koha item type Original Barcode
    Dewey Decimal Classification   Available Smt. Hiraben Nanavati Institute of Management & Research for Women Smt. Hiraben Nanavati Institute of Management & Research for Women 30/03/2022 HNIMR   BRA HIMR-PR-741 07/08/2024 07/08/2024 Project Reports PR0741